| 000 | 00602nam a22001937a 4500 | ||
|---|---|---|---|
| 003 | OSt | ||
| 005 | 20260302084528.0 | ||
| 008 | 260204b |||||||| |||| 00| 0 eng d | ||
| 020 | _a978-971-93764-7-7 | ||
| 040 |
_aDWCL-Main Lib _cOC |
||
| 082 | _aRes. 371.262 L698 2010 | ||
| 100 | _aConception, Benjamin | ||
| 245 | _aLicensure examination for teachers : LET reviewer / | ||
| 260 |
_aManila : _bMET Review Center, _cc2010 |
||
| 300 |
_a473 p. ; _c26 cm. |
||
| 650 | _aReviewer - licensure examination for teachers. | ||
| 700 |
_aNCBTS ORIENTED _eCorporate Author |
||
| 942 |
_2ddc _cBK - FIL _mFil. _n0 |
||
| 999 |
_c8267 _d8267 |
||